Statistiques concernant L'Equipage aux cent bêtes ( One Piece )

Cliquez ici pour prendre le quiz!

Statistiques générales

  • Ce quiz a été pris 18 fois
  • Le résultat moyen est 19 sur 65

Statistiques - réponses

Réponse% Correct
Kaido
100%
Jack
94%
King
94%
Queen
94%
Apoo
88%
Drake
88%
Hawkins
88%
Ulti
88%
Black Maria
81%
Page One
81%
Who's-Who
75%
Sasaki
69%
Speed
69%
Batman
56%
Mouseman
50%
Gazelleman
44%
Holdem
44%
Bao Huang
38%
Rabbitman
31%
Snakeman
31%
Alpagaman
25%
Sheepshead
25%
Babanuki
19%
Briscola
19%
Caimanlady
19%
Daifugo
19%
Four Tricks
19%
Goki
19%
Hamlet
19%
Jaki
19%
Poker
19%
Sarahebi
19%
Solitaire
19%
Bearman
13%
Dachoman
13%
Dobon
13%
Fuga
13%
Gin Rummy
13%
Inbi
13%
Juki
13%
Kamijiro
13%
Madilloman
13%
Mizerka
13%
Nure-Onna
13%
Wanyudo
13%
Donannoyo
6%
Gorishiro
6%
Hatcha
6%
Herisson
6%
Hihimaru
6%
Ibiributsu
6%
Kunyun
6%
Loup
6%
Massui
6%
Nagi
6%
Nokotti
6%
Oiseau
6%
Pudos
6%
Rokki
6%
Tortue Terrestre
6%
Zanki
6%
Mante Religieuse
0%
Papillon
0%
Scarabee Lucane
0%
Uwattsura
0%

Distribution des résultats

Percentile par nombre de réponses

% des personnes avec chaque résultat

Votre développement - résultats

Vous n’avez pas pris ce quiz